| 000 | 00566nam a2200181Ia 4500 | ||
|---|---|---|---|
| 008 | 140609s9999 xx 000 0 und d | ||
| 020 | _a9780415885232 | ||
| 050 |
_aJA 85 _b.W65 2011 |
||
| 100 | _aWolfsfeld, Gadi. | ||
| 245 |
_aMaking sense of media and politics : _bfive principles in political communication / _cGadi Wolfsfeld |
||
| 260 |
_aNew York : _bRoutledge, _cc2011. |
||
| 300 |
_a150 p. ; _c23 cm. |
||
| 500 | _aIncludes bibliographical references and index. | ||
| 521 | _aMC | ||
| 650 | _aPress and politics. | ||
| 942 |
_kFOR _cBK |
||
| 999 |
_c118220 _d118220 |
||